| 000 | 01216nam a22002535i 4500 | ||
|---|---|---|---|
| 001 | 164784 | ||
| 003 | ES-MaACL | ||
| 005 | 20250930063145.0 | ||
| 008 | 991215s1860 sp |||| | spa d | ||
| 080 | _a27-42 | ||
| 080 | _a17 | ||
| 100 | 1 |
_aSanz Lafuente, Miguel, _d1804-1880 _9132464 |
|
| 245 | 1 | 0 | _aDiscursos pronunciados en la Real Academia de Ciencias Morales y Políticas con motivo de la recepción pública del Ilmo. Sr. D. Miguel Sanz y Lafuente, en 27 de mayo de 1860. |
| 260 |
_aMadrid : _b[s.n.], _c1860 ( _fImp. de Tejado, a cargo de Rafael Ludeña) |
||
| 300 |
_a100 p. ; _c26 cm. |
||
| 505 | 8 | _aContiene: Discurso del Sr. D. Miguel Sanz . Contestacion del Sr. D. Santiago de Tejada | |
| 594 | _aTema de los discursos: "La moral cristiana ha sido el poderoso elemento de nuestra civilización: la moral filosófica, por si sola, era impotente" | ||
| 650 | 7 |
_aMoral cristiana _2embne _9142371 |
|
| 650 | 7 |
_aÉtica _2embne _912577 |
|
| 700 | 1 |
_aTejada, Santiago de. _9133165 |
|
| 710 | 2 |
_aReal Academia de Ciencias Morales y Políticas (España) _9222050 |
|
| 852 | 4 |
_aES-MaACL _jT-54-F-4 _z- Enc. hol., falto de cub. original _z- Enc. en un vol. facticio |
|
| 999 |
_c164784 _d164784 |
||